Introducing English semantics / (Record no. 1960)
[ view plain ]
| 000 -LEADER | |
|---|---|
| fixed length control field | 00683cam a2200217 i 4500 |
| 001 - CONTROL NUMBER | |
| control field | 17679949 |
| 005 - DATE AND TIME OF LATEST TRANSACTION | |
| control field | 20241204185550.0 |
| 008 - FIXED-LENGTH DATA ELEMENTS--GENERAL INFORMATION | |
| fixed length control field | 130401s2014 nyua b 001 0 eng |
| 020 ## - INTERNATIONAL STANDARD BOOK NUMBER | |
| International Standard Book Number | 9780415828048 (hbk) |
| 020 ## - INTERNATIONAL STANDARD BOOK NUMBER | |
| International Standard Book Number | 9780415828055 (pbk) |
| 020 ## - INTERNATIONAL STANDARD BOOK NUMBER | |
| Canceled/invalid ISBN | 9781315886428 (ebk) |
| 050 00 - LIBRARY OF CONGRESS CALL NUMBER | |
| Classification number | PE1585 |
| Item number | .K69 2014 |
| 082 00 - DEWEY DECIMAL CLASSIFICATION NUMBER | |
| Classification number | 420.1/43 |
| Edition information | 23 |
| 100 1# - MAIN ENTRY--PERSONAL NAME | |
| Personal name | Kreidler, Charles W., |
| Dates associated with a name | 1924- |
| Relator term | author. |
| 245 10 - TITLE STATEMENT | |
| Title | Introducing English semantics / |
| Statement of responsibility, etc. | Charles W. Kreidler. |
| 250 ## - EDITION STATEMENT | |
| Edition statement | Second Edition. |
| 300 ## - PHYSICAL DESCRIPTION | |
| Extent | xii, 196 pages : |
| Other physical details | illustrations ; |
| Dimensions | 24 cm |
| 650 #0 - SUBJECT ADDED ENTRY--TOPICAL TERM | |
| Topical term or geographic name entry element | English language |
| General subdivision | Semantics. |
| 650 #0 - SUBJECT ADDED ENTRY--TOPICAL TERM | |
| Topical term or geographic name entry element | English language |
| General subdivision | Semantics |
| -- | Problems, exercises, etc. |
| 942 ## - ADDED ENTRY ELEMENTS (KOHA) | |
| Source of classification or shelving scheme | Dewey Decimal Classification |
| Koha item type | Books |
| Suppress in OPAC | No |
| 999 ## - | |
| -- | 1960 |
| -- | 1960 |
| Withdrawn status | Lost status | Source of classification or shelving scheme | Damaged status | Not for loan | Collection | Home library | Current library | Shelving location | Date acquired | Total checkouts | Full call number | Barcode | Date last seen | Copy number | Price effective from | Koha item type |
|---|---|---|---|---|---|---|---|---|---|---|---|---|---|---|---|---|
| Library of Congress Classification | Non-fiction | Business Library (Miotso) | Business Library (Miotso) | General stacks | 03/27/2026 | PE1585.K69 KRE | BSSM00003498 | 04/22/2026 | 2 | 03/27/2026 | Books | |||||
| Library of Congress Classification | Non-fiction | Business Library (Miotso) | Business Library (Miotso) | General stacks | 03/27/2026 | PE1585.K69 KRE | BSSM00003499 | 04/22/2026 | 3 | 03/27/2026 | Books | |||||
| Library of Congress Classification | Non-fiction | Business Library (Miotso) | Business Library (Miotso) | General stacks | 03/27/2026 | PE1585.K69 KRE | BSSM00003500 | 04/22/2026 | 4 | 03/27/2026 | Books | |||||
| Library of Congress Classification | Non-fiction | Undergraduate Library (Christ Temple) | Undergraduate Library (Christ Temple) | General stacks | 12/04/2024 | PE1585.K69 KRE | ulct00000509 | 12/04/2024 | 1 | 12/04/2024 | Books |